Cartoon Character Hodgepodge Quiz Stats

Quiz Updated Apr 3, 2013

Also try: Cartoons
Challenge
Share
Tweet
Score 0/58 Timer 07:00
2 Plays Today
Character % Correct
Homer
97.3%
Bart
96.9%
Freddie
96.5%
Fred
96.5%
Scooby-Doo
95.7%
Marge
95.3%
Lisa
93.7%
Charlie Brown
91.6%
Shaggy
89.2%
Snoopy
89.2%
Maggie
89%
Barney
87.4%
Stewie
87.4%
Kenny
85.7%
Peter
85.3%
Bamm-Bamm
84.8%
Wilma
83.8%
Eric
81.7%
Velma
80.1%
Meg
79.5%
Brian
79.3%
Lois
77.5%
Scrappy-Doo
76.5%
Pebbles
73.3%
George
73.1%
Dino
72.2%
Daphne
71.1%
Betty
71%
Chris
70.7%
Character % Correct
Stan
67.7%
Linus
67.7%
Kyle
66.2%
Lucy
64.5%
Woodstock
64.3%
Bender
64%
Santa's Little Helper
62.8%
Butters
61.6%
Hank
58.7%
Peppermint Patty
57.5%
Fry
55.8%
Elroy
54.6%
Jane
53%
Judy
51%
Snowball ll
48.6%
Zoidberg
47.9%
Leela
46%
Bobby
45.5%
Astro
43.2%
Sally
40%
Peggy
39.8%
Professor Farnsworth
38%
Schroeder
34.6%
Amy
33.2%
Rosie
30.8%
Luanne
25.9%
Hermes
25.6%
Ladybird
22.3%
Franklin
17.2%

You're not logged in!

Compare scores with friends on all Sporcle quizzes.
Sign Up with Email
OR
Log In

You Might Also Like...

Show Comments

Extras

Top Quizzes Today


Score Distribution

Your Account Isn't Verified!

In order to create a playlist on Sporcle, you need to verify the email address you used during registration. Go to your Sporcle Settings to finish the process.